Las puertas del Paraiso / (Record no. 62400)

MARC details
000 -LEADER
campo de control de longitud fija 00609nam a2200205 i 4500
001 - NÚMERO DE CONTROL
campo de control 62400
003 - IDENTIFICADOR DE NÚMERO DE CONTROL
campo de control ES-MaACL
005 - FECHA Y HORA DE LA ÚLTIMA TRANSACCIÓN
campo de control 20230906164647.0
007 - CAMPO FIJO DE DESCRIPCIÓN FÍSICA--INFORMACIÓN GENERAL
campo de control de longitud fija t|
008 - DATOS DE LONGITUD FIJA--INFORMACIÓN GENERAL
campo de control de longitud fija 031120s1958 sp ||||1| spa d
100 1# - ENTRADA PRINCIPAL--NOMBRE DE PERSONA
Nombre de persona Fenton, Edward.
9 (RLIN) 49264
245 14 - MENCIÓN DEL TÍTULO
Título Las puertas del Paraiso /
Mención de responsabilidad, etc. Edward Fenton ; [traducción de María Dolores Raich].
260 ## - PUBLICACIÓN, DISTRIBUCIÓN, ETC.
Lugar de publicación, distribución, etc. [Barcelona :
Nombre del editor, distribuidor, etc. Molina,
Fecha de publicación, distribución, etc. 1958]
300 ## - DESCRIPCIÓN FÍSICA
Extensión 251 p. :
Otras características físicas il. ;
Dimensiones 20 cm.
490 1# - MENCIÓN DE SERIE
Mención de serie Serie aventura
700 1# - ENTRADA AGREGADA--NOMBRE PERSONAL
Nombre de persona Raich, María Dolores.
9 (RLIN) 95019
830 0# - PUNTO DE ACCESO ADICIONAL DE SERIE-TÍTULO UNIFORME
Título uniforme Serie aventura
9 (RLIN) 230632
852 ## - LOCALIZACIÓN
Ubicación ES-MaACL
Número de control de estantería C-16228
Sublocalización o colección R.43562
Holdings
Estatus retirado Estado de pérdida Estado de daño No para préstamo Biblioteca de origen Biblioteca actual Ubicación en estantería Fecha de adquisición Fuente de adquisición Total de préstamos Signatura topográfica completa Código de barras Visto por última vez Precio de reemplazo Tipo de ítem Koha
        Biblioteca del Ateneo de Madrid Biblioteca del Ateneo de Madrid Ficheros 17/01/2008     C-16228 1065417 23/02/2023 23/02/2023 Libro impreso